Gouvernement Lecornu II - Statistiques

Statistiques générales
  • Ce quiz a été pris 105 fois
  • Le résultat moyen est 14 sur 35
Statistiques - réponses
Hint Réponse % Correct
Premier ministre Sebastien Lecornu
100%
Garde des Sceaux, Ministre de la Justice Gérald Darmanin
88%
Ministre de l'Interieur Laurent Nunez
86%
Ministre de l'Europe et des Affaires étrangères Jean-Noël Barrot
75%
Ministre de la Culture Rachida Dati
75%
Ministre de l'Agriculture et d'Agroalimentaire et de la Souveraineté alimentaire Annie Genevard
65%
Ministre des armees et des anciens combattants Catherine Vautrin
63%
Ministre de l'Economie, des Finances et de la Souveraineté industrielle, énergétique et numérique Roland Lescure
61%
Ministre de l'Action et des Comptes publics Amélie de Montchalin
55%
Ministre des Outre-mer Naïma Moutchou
49%
Porte-parole du gouvernement Maud Bregeon
45%
Ministre des Transports Philippe Tabarot
45%
Ministre de la Santé, des Familles, de l'Autonomie et des Personnes handicapées Stéphanie Rist
45%
Ministre de la Transition écologique, de la Biodiversité et des Négociations internationales sur le climat et la nature Monique Barbut
43%
Ministre de l'Aménagement du territoire et de la Décentralisation Françoise Gatel
41%
Ministre du Travail et des Solidarités Jean-Pierre Farandou
41%
Ministre de l'Education nationale Edouard Geffray
39%
Ministre aux Petites et moyennes entreprise, du Commerce, de l'Artisanat, du Tourisme et du Pouvoir d'achat Serge Papin
37%
Chargée de l'Egalité entre les femmes et les hommes et de la Lutte contre les discriminations Aurore Bergé
35%
Chargé de l'Europe Benjamin Haddad
33%
Ministre des Sports, de la Jeunesse et de la Vie associative Marina Ferrari
31%
Ministre de la Ville et du Logement Vincent Jeanbrun
31%
Chargé des Relations avec le Parlement Laurent Panifous
27%
Ministre de l'Enseignement supérieur, de la Recherche et de l'Espace Philippe Baptiste
27%
Chargée de l'Autonomie et des Personnes handicapées Charlotte Parmentier-Lecoq
22%
Chargé de la Transition écologique Mathieu Lefevre
22%
Chargé de la Fonction publique et de la Réforme de l'Etat David Amiel
20%
Chargé de la Ruralité Michel Fournier
20%
Auprès de la ministre de la Transition écologique, de la Biodiversité et des Négociations internationales sur le climat et la nature Alice Rufo
16%
Auprès de la ministre des Armées et des Anciens combattants Marie-Pierre Vedrenne
16%
Chargé de l'Industrie Sébastien Martin
16%
Chargée de l'Intelligence artificielle et du Numérique Anne Le Henanff
14%
Chargée de la Francophonie, des Partenariats internationaux et des Français de l'étranger Eléonore Caroit
14%
Chargé du Commerce extérieur et de l'Attractivité Nicolas Forissier
14%
Chargée de la Mer et de la Pêche Catherine Chabaud
10%
Aucun quiz correspondant
Distribution des résultats
% des personnes avec chaque résultat
Percentile par nombre de réponses
Votre historique - résultats
Vous n’avez pas pris ce quiz